| 000 | 00858nam a22002297a 4500 | ||
|---|---|---|---|
| 003 | 0 | ||
| 005 | 20250901075026.0 | ||
| 008 | 250901b xxu||||| |||| 00| 0 eng d | ||
| 020 | _a978--0-443-16066-0 | ||
| 050 |
_aBF 637.B4 _b.S78 2025 |
||
| 100 |
_aSturmey, Peter, _eauthor. |
||
| 245 |
_aHandbook for behavioral skills training / _cPeter Sturmey and Lindsay Maffei-Almodovar. |
||
| 260 |
_aLondon : _bAcademic Press, _c2025. |
||
| 300 |
_axx, 289 pages ; _c23 cm. |
||
| 504 | _aIncludes bibliographical references and index. | ||
| 650 |
_aBehavior modification _xHandbooks, manuals, etc. |
||
| 650 |
_aSocial skills _xStudy and teaching _xHandbooks, manuals, etc. |
||
| 650 |
_aInterpersonal relations _xStudy and teaching. |
||
| 650 |
_aBehavior therapy _xHandbooks, manuals, etc. |
||
| 700 |
_aAlmodovar, Lindsay Maffei-, _eauthor. |
||
| 942 |
_2lcc _cBK |
||
| 999 |
_c367724 _d367724 |
||